Ética de los negocios : Conceptos casos

Bibliographic Details
Main Author: Velásquez, Manuel G.
Format: Section = Libro
Language:Undetermined
Spanish
Published: México Prentice Hall 2000
Edition:4a.ed.
Subjects:
LEADER 00499nam a2200193Ia 4500
008 240829s9999 xx 000 0 und d
020 |a 970-26-0006-5 
040 |a BIBLIOTECA-RUPAP 174.4 V434 
041 |a spa 
082 |a 174.4 V434 
100 1 |a Velásquez, Manuel G. 
245 1 0 |a Ética de los negocios : Conceptos casos 
250 |a 4a.ed. 
260 |a México  |b Prentice Hall  |c 2000 
300 |a 510 p. :il. 
650 7 |a ETICA DE LOS NEGOCIOS 
942 |c BK  |2 ddc 
991 |a TEXTO 
999 |c 7379